Zdravo atakuje myseľ súčasníka

Bibliographic Details
Main Author: Nižnánsky, Jozef, 1903-1976 (Author)
Format: Article
Language:Slovak
Subjects:

MARC

LEADER 00000nab a2200000 a 4500
001 vtls000287037
003 SK-MaSNL
005 20260303233918.0
008 160215c1987 xo 0 slo
015 |a SNBRB19rr/mm-uuuuu 
035 |a CL0297155 
040 |a SNKBUCL  |b slo  |c SNKBUCL  |e AACR2 
041 0 |a slo 
044 |a xo  |c SK 
080 |a 75.071.1  |2 1981 
080 |a 929 Zelina, Ľubomír  |2 1981 
100 1 |a Nižnánsky, Jozef,  |d 1903-1976  |4 aut  |9 110616 
245 1 0 |a Zdravo atakuje myseľ súčasníka  |c Jozef Nižnánsky ; Jozef Nižnánský 
300 |b Obr. 3. 
600 1 7 |a Zelina, Ľubo,  |d 1943-2016  |2 snkbucl  |9 168141 
655 7 |a články z novín a časopisov  |2 snkbucl  |9 267496 
700 1 |a Nižnánsky, Jozef,  |d 1903-1976  |4 aut  |9 110616 
773 0 |t Večerník  |g Roč. 32, č. 169 (28. 8. 1987), s. 6 
850 |a Slovenská národná knižnica v Martine  |a MTA001 
852 |a SNK  |b KIS3GCP 
958 |a BX 
958 |a RK 
992 |a RBX 
999 |c 2517841  |d 2519771